| 000 | 00937nam a22002897a 4500 | ||
|---|---|---|---|
| 001 | 7800 | ||
| 003 | FISKH | ||
| 005 | 20250807140112.0 | ||
| 008 | 250807b cb ||||| |||| 00| 0 eng d | ||
| 020 | _a9781465409409 | ||
| 040 |
_aFISKH _beng _cFISKH _dFISKH |
||
| 050 | _aGT3340 .G75 | ||
| 082 | _a393 | ||
| 100 | _aGriffey, Harriet | ||
| 245 |
_aSecrets of the Mummies / _cWritten by Harriet Griffey |
||
| 250 | _aThis edition first published in 1998 | ||
| 260 |
_aNew York : _bDK Pulbishing, _c1998 |
||
| 300 |
_a48 pages : _bcolor illustrations ; _c23 cm |
||
| 505 | _aW | ||
| 520 | _aDiscusses the Egyptian preservation of dead bodies, stories associated with mummies, and mummies from different cultures, including Incan and Sicilian. | ||
| 521 | 8 |
_a860
_bLexile |
|
| 521 | 8 |
_aW
_bRaz-Plus |
|
| 650 |
_2Egypt _aAncient civilizations |
||
| 650 |
_2Ancient Egypt _aHistory |
||
| 942 |
_2ddc _cBK _n0 |
||
| 999 |
_c7800 _d7800 |
||